Statistiques concernant Vrai dinosaure ou inventé?

Cliquez ici pour prendre le quiz!

Statistiques générales

  • Ce quiz a été pris 1 151 fois
    (1 150 depuis la dernière actualisation)
  • Le résultat moyen est 15 sur 20

Statistiques - réponses

QuestionRéponse% Correct
TyrannosaureRéel
99%
TricératopsRéel
99%
JouablackopsInventé
98%
BrachiosaureRéel
98%
DiplodocusRéel
98%
TirageausaureInventé
90%
IguanodonRéel
90%
NabuchodonosaureInventé
87%
GallimimusRéel
79%
NevadausaureInventé
77%
PekinodonInventé
76%
MédiatrodonInventé
71%
CornatosaureInventé
68%
ArgentinosaureRéel
68%
CamillodonInventé
67%
GigaraptorInventé
63%
BlastocéphaleInventé
55%
EoraptorRéel
55%
MégaraptorRéel
52%
ArizonasaurusRéel
26%

Distribution des résultats

Percentile par nombre de réponses

% des personnes avec chaque résultat

Votre développement - résultats

Vous n’avez pas pris ce quiz depuis la dernière actualisation